[Event "FIDE WCC 2018"]
[Site "Khanty-Mansiysk"]
[Date "2018.11.05"]
[Round "1.3"]
[White "Abdumalik, Zhansaya"]
[Black "Padmini, Rout"]
[Result "1/2-1/2"]
[WhiteElo "2473"]
[BlackElo "2341"]
[Annotator "TA"]
[PlyCount "137"]
[EventDate "2018.11.03"]
[EventType "k.o."]
[EventCountry "RUS"]
[SourceTitle "playchess.com"]
[Source "ChessBase"]
[SourceQuality "1"]

{[%evp 10,137,34,13,21,11,31,15,8,14,12,1,0,12,3,-11,-10,-14,0,0,0,-18,-24,-11,-12,-18,48,16,14,0,0,-11,0,-2,0,-30,-36,-38,-31,-44,0,-23,-21,-27,-25,-19,-19,-35,-32,-51,-50,-53,-34,-31,-33,-31,0,-19,-36,-54,-29,-20,0,0,0,0,0,-8,0,0,0,-43,0,0,0,0,0,0,0,0,0,0,0,0,0,0,0,0,0,0,0,0,0,0,0,0,0,0,0,0,0,0,0,-10,-10,-17,0,0,0,0,0,0,0,0,0,0,0,0,0,0,0,0,0,0,0,0,0,0,0,0]} 1. e4 e5 2. Nf3 Nc6 3. Bb5 Nf6 4. d3 Bc5 5. Nbd2 O-O 6. Nb3 {LiveBook: 7 Games. C65: Ruy Lopez: Berlin Defence (3...Nf6), unusual lines and 4 0-0 Bc5} Bb6 $146 ({Predecessor:} 6... Bd6 7. O-O a6 8. Bxc6 dxc6 9. Bg5 c5 10. Nbd2 Qe7 11. Nc4 Qe6 12. Nfd2 h6 {½-½ (97) Alekseenko,K (2585)-Jakovenko,D (2718) Minsk 2017}) 7. Bxc6 bxc6 8. Nxe5 {White is slightly better.} d5 9. O-O dxe4 10. Bg5 h6 11. Bh4 Qd6 12. Nc4 Qf4 13. Bg3 Qg5 14. a4 a5 15. Nxb6 cxb6 16. dxe4 Nxe4 17. Bc7 Ra6 (17... c5 $11) 18. Qf3 Qg6 19. Qd3 c5 20. f3 Qc6 21. Bf4 Nf6 22. Qd6 Qxd6 23. Bxd6 Re8 24. Rfe1 Be6 25. Be5 Nd5 {Threatens to win with ...Nb4.} 26. c3 Ne7 27. Nd2 Ra7 28. Ne4 Rd8 29. Kf2 Rad7 30. g4 Nc6 31. Bf4 Bc4 32. h4 f6 33. Kg3 Kf7 34. Kf2 g5 35. Bg3 Bd5 (35... Ne7 {is more complex.} 36. Rh1 Kg7 37. Rh2 Bd5 38. Rd1 Bc6) 36. Rad1 Bxe4 37. Rxd7+ Rxd7 38. Rxe4 gxh4 39. Bxh4 $11 {[%mdl 4096] Endgame KRB-KRN} Ne5 40. Re2 Rd3 41. Bg3 {The position is equal.} Rxf3+ 42. Kg2 Rd3 43. Bxe5 fxe5 44. Rxe5 {KR-KR} Rd2+ 45. Kf3 Rxb2 {Hoping for ...Rb3.} 46. Rh5 Kg6 {Strongly threatening ...Rb3.} 47. Rd5 $1 Rb3 48. Kf4 Rxc3 {White must now prevent ...Rc4+.} 49. Rd6+ Kg7 50. Rxb6 Rc4+ 51. Kf5 Rxa4 52. Rb7+ Kf8 53. Rb5 c4 54. Kf6 {[%cal Rb5b8]} Ke8 {...Kd7 is the strong threat.} 55. Ke6 {[%cal Rb5b8]} Kd8 56. Rc5 {[#]} c3 $1 57. Kf5 $1 (57. Rxc3 Rxg4) 57... Ra3 58. Kg6 Kd7 59. Kxh6 Kd6 (59... Rb3 $5 60. g5 $8 Rb6+ 61. g6 Rc6 62. Rxa5 Ke7 $11) 60. Rc8 Rb3 61. g5 Kd7 (61... a4 $5 62. g6 $8 {[#]} c2 $1 {[%mdl 512]} 63. Rxc2 Rh3+ 64. Kg7 a3 $11) 62. Rc5 Rb6+ 63. g6 Rc6 64. Rxa5 c2 65. Ra1 c1=Q+ 66. Rxc1 Rxc1 67. g7 Rg1 {( -> ...Ke8)} 68. Kh7 {[#]} Rxg7+ $1 {[%mdl 512]} 69. Kxg7 {Precision: White = 56%, Black = 61%.} 1/2-1/2

[Event "FIDE WCC 2018"]
[Site "Khanty-Mansiysk"]
[Date "2018.11.05"]
[Round "1.3"]
[White "Lei, Tingjie"]
[Black "Gara, Anita"]
[Result "1-0"]
[WhiteElo "2457"]
[BlackElo "2370"]
[Annotator "TA"]
[PlyCount "121"]
[EventDate "2018.11.03"]
[EventType "k.o."]
[EventCountry "RUS"]
[SourceTitle "playchess.com"]
[Source "ChessBase"]
[SourceQuality "1"]

{[%evp 20,121,4,-13,16,6,81,5,13,13,4,6,12,8,17,27,66,25,11,0,0,0,0,0,123,114,195,190,187,176,152,102,110,112,158,134,255,241,271,256,265,233,375,366,362,342,328,335,328,322,367,339,429,429,464,454,460,450,502,489,488,487,494,475,518,506,475,449,442,435,506,487,602,595,746,716,12820,12824,12825,12825,12820,12818,12827,12826,11841,5002,12840,12841,12841,12841,12841,12840,12841,12841,12841,12842,12843,12842,12839,12840,12845,12845,12845,12846]} 1. c4 c5 2. Nf3 Nc6 3. Nc3 g6 4. g3 Bg7 5. Bg2 d6 6. O-O Bf5 7. a3 {A37: Symmetrical English vs ...g6: 4 Bg2 Bg7 5 Nf3} (7. d3 Qd7 8. Nd5 Nf6 9. Bd2 O-O 10. Bc3 Nxd5 11. cxd5 Nd4 12. Nh4 Bg4 13. f3 Bh3 14. Bxh3 Qxh3 {1-0 (59) Grischuk,A (2766)-Anand,V (2759) Paris 2018}) 7... Qd7 8. d3 Bh3 9. Bd2 Bxg2 10. Kxg2 e6 11. Rb1 {LiveBook: 3 Games} a5 $146 ({Predecessor:} 11... Nge7 12. b4 b6 13. h4 h6 14. Qc1 Nd4 15. Nxd4 cxd4 {½-½ (23) Petrosian,T (2607)-Vorontsov,P (2564) Philadelphia 2018}) 12. Qa4 Rb8 {[#]} (12... Ra6 $11) 13. Nb5 (13. b4 $1 $16) 13... Nge7 $11 14. b4 axb4 15. axb4 O-O 16. bxc5 dxc5 17. Nc3 Nf5 18. Rfc1 b6 19. Bf4 Rb7 20. Ne4 e5 21. Bd2 Nfd4 (21... Nfe7 $11) 22. Nxd4 $16 exd4 {[#]} (22... cxd4 $16 23. Qb5 Rfb8) 23. Qb5 $1 $18 {Black must now prevent Nxc5!} Rbb8 24. Bf4 f5 25. Nxc5 bxc5 26. Bxb8 Rxb8 27. Qxc5 Rxb1 (27... Re8 $16) 28. Rxb1 Bf8 29. Qb5 Qe6 30. Ra1 Ne5 (30... Nd8 {keeps fighting.} 31. Ra6 Qe7 32. Qd5+ Nf7) 31. Ra6 Qe7 32. Qd5+ Nf7 33. Ra8 Qe5 34. Rd8 Qxd5+ 35. Rxd5 Kg7 36. Rxd4 {White is clearly winning.} Kf6 37. Rd7 Ke6 38. Ra7 Bc5 39. Ra6+ Kd7 40. e3 Bd6 41. d4 Ng5 42. f3 {[%cal Bf2f3,Bf3f4][%mdl 32]} Ne6 43. Ra7+ Bc7 44. Ra8 Bd6 45. Kf2 g5 46. f4 g4 47. Ra5 Ng7 48. Ra7+ Bc7 49. d5 Ne8 50. c5 Nf6 51. d6 Ne4+ 52. Ke2 Nxd6 53. cxd6 Kxd6 {[%mdl 4096] Endgame KR-KB} 54. Kd3 h5 55. Ra6+ Ke7 56. Rh6 Ba5 57. Rxh5 Kf6 58. Rh6+ Kf7 59. Ra6 Bd8 60. e4 fxe4+ 61. Kxe4 {Precision: White = 64%, Black = 33%.} 1-0

[Event "FIDE WCC 2018"]
[Site "Khanty-Mansiysk"]
[Date "2018.11.05"]
[Round "1.3"]
[White "Hoang, Thanh Trang"]
[Black "Danielian, Elina"]
[Result "1-0"]
[WhiteElo "2448"]
[BlackElo "2426"]
[Annotator "TA"]
[PlyCount "115"]
[EventDate "2018.11.03"]
[EventType "k.o."]
[EventCountry "RUS"]
[SourceTitle "playchess.com"]
[Source "ChessBase"]
[SourceQuality "1"]

{[%evp 19,115,-11,-23,-28,17,0,0,0,44,45,52,-4,46,57,50,52,49,58,53,35,29,41,34,12,8,6,41,38,45,47,52,37,70,44,72,77,104,102,100,102,109,80,85,83,127,120,130,115,97,108,119,118,112,128,168,121,167,170,232,206,211,175,196,132,121,143,133,132,135,129,212,221,222,223,327,307,621,629,804,789,648,541,1689,1685,1391,1470,902,913,29957,5734,5385,3241,29972,29973,29973,29974,29973,29974]} 1. d4 Nf6 2. Nf3 e6 3. Bf4 c5 4. e3 d5 5. Nbd2 Bd6 (5... Nc6 6. c3 cxd4 7. exd4 Nh5 8. Be3 Bd6 9. Bd3 Nf4 10. Bxf4 Bxf4 11. g3 Bd6 12. O-O O-O 13. Re1 Bd7 14. h4 h6 {1-0 (44) Caruana,F (2822)-Aronian,L (2767) chess.com INT 2018}) 6. Bg3 {D02: 1 d4 d5 2 Nf3 sidelines, including 2...Nf6 3 g3 and 2...Nf6 3 Bf4} O-O 7. c3 b6 8. Bd3 Bb7 9. Qe2 Nc6 10. O-O Bxg3 {LiveBook: 11 Games} 11. hxg3 Qc7 12. e4 {[%cal Be3e4,Be4e5][%mdl 32]} cxd4 13. e5 Ng4 $146 ({Predecessor:} 13... dxc3 14. exf6 cxd2 15. Qxd2 Qd8 16. fxg7 Kxg7 {½-½ (42) Enguidanos Gimeno,S (2062)-Flores Ramos,J (2097) ICCF email 2009}) 14. cxd4 Qe7 15. Rac1 (15. a3 $14) 15... Rac8 16. a3 f6 17. exf6 Qxf6 18. Nb3 e5 19. dxe5 Ncxe5 20. Nxe5 Nxe5 21. Rxc8 Bxc8 22. Nd4 Ng4 {[#] Threatens to win with ...Qh6.} (22... Bg4 $5 {[%cal Rg4e2]} 23. Qd2 Nxd3 24. Qxd3 Re8 $11) 23. Qd2 Kh8 24. Be2 Ne5 25. Bf3 Rd8 26. b3 Bf5 27. Qf4 Be4 28. Qxf6 gxf6 29. Rc1 Rd7 30. Kf1 (30. Be2 {is more complex.} Kg7 31. Rc3 Nf7 32. Ne6+ Kh6 33. g4) 30... Kg7 31. Ke2 Bd3+ 32. Ke3 Bg6 33. Rc8 Nd3 34. Rc7 Rxc7 35. Ne6+ Kf7 36. Nxc7 $16 {[%mdl 4096] Endgame KBN-KBN} Nc5 37. b4 Nd7 38. Kd4 Ne5 (38... Ke7 $142 39. Nxd5+ (39. Bxd5 a5 $16) 39... Kd6) 39. Bxd5+ $18 Ke7 40. Nb5 a5 41. Nc3 (41. f4 $18 Nd7 42. Na7) 41... axb4 $16 42. axb4 Nd3 {[#]} 43. b5 $1 Nxf2 44. Na4 Bd3 (44... Be8 $16) 45. Bc6 $18 ({Not} 45. Nxb6 Bxb5 46. Bb3 Kd6 $11) 45... Bf1 46. Nxb6 Nh1 (46... Kd6 {might work better.} 47. Nc8+ Kc7) 47. g4 Nf2 $2 (47... Kd6 48. Ke3 h6) 48. Nd5+ Ke6 49. Ne3 Be2 50. b6 {[%cal Bb5b6,Bb6b7][%mdl 32]} Kd6 51. b7 Kc7 52. Nd5+ Kb8 53. Ke3 Nxg4+ 54. Kxe2 Ne5 55. Ne7 Nxc6 56. Nxc6+ {White mates.} Kxb7 57. Ne7 Kc7 58. Nd5+ {Precision: White = 77%, Black = 29%.} 1-0

[Event "FIDE WCC 2018"]
[Site "Khanty-Mansiysk"]
[Date "2018.11.05"]
[Round "1.3"]
[White "Krush, Irina"]
[Black "Gaponenko, Inna"]
[Result "1-0"]
[WhiteElo "2434"]
[BlackElo "2420"]
[Annotator "TA"]
[PlyCount "143"]
[EventDate "2018.11.03"]
[EventType "k.o."]
[EventCountry "RUS"]
[SourceTitle "playchess.com"]
[Source "ChessBase"]
[SourceQuality "1"]

{[%evp 31,143,64,74,56,51,48,50,31,35,20,37,22,21,24,42,51,49,47,48,31,68,66,79,47,104,100,118,131,134,131,137,124,132,135,160,158,188,184,182,191,218,217,204,201,231,218,221,172,188,76,229,20,37,-89,-86,-72,-77,-148,39,40,219,219,219,219,218,209,217,217,215,213,720,720,712,701,705,705,704,704,568,680,705,694,902,884,5069,5031,4216,1254,5069,5069,5062,5062,5048,4958,5081,5414,29965,29966,29965,29965,29962,29965,29944,5040,6520,5957,29975,29976,29976,29977,29978,29979,29979,29979]} 1. d4 Nf6 2. c4 g6 3. Nc3 Bg7 4. e4 d6 5. Nf3 O-O 6. Be2 e5 7. O-O c6 8. d5 Na6 9. Be3 Ng4 10. Bg5 f6 11. Bh4 c5 12. Ne1 Nh6 {E94: King's Indian: Classical: 6 Be2 e5 7 0-0: Various Black 7th moves} 13. f3 Qe7 (13... Nf7 14. Rb1 h5 15. Nd3 Bh6 16. Bf2 Bd7 17. b4 b6 18. bxc5 Nxc5 19. a4 a5 20. Qc2 {1-0 (67) So,W (2822)-Shimanov,A (2642) chess.com INT 2017}) 14. Nd3 Bd7 15. a3 Nf7 16. b4 b6 {LiveBook: 4 Games} 17. b5 Nc7 18. a4 a5 $146 ({Predecessor:} 18... Rfb8 19. Qc2 Bh6 20. Bf2 {½-½ (60) Ponomarev,A (2471)-Graeber,I (2383) ICCF email 2007}) 19. bxa6 Rxa6 20. Qc2 Rfa8 21. Rfb1 Bh6 22. Bf2 Nd8 23. Ra2 Ne8 24. Bd1 Nb7 25. Rab2 Qd8 26. Qe2 Na5 27. Nc1 Bxc1 (27... Bg5 $14) 28. Rxc1 $16 Nc7 29. Rcb1 Rb8 30. Bc2 Ne8 31. Bd3 Nc7 32. Be3 Ne8 33. g3 Ra7 34. f4 exf4 35. gxf4 Bc8 36. e5 fxe5 37. fxe5 dxe5 {[#]} 38. Bxc5 $1 {[%mdl 512]} Rab7 (38... bxc5 39. Rxb8) 39. Bf2 Nd6 40. Nb5 (40. Ne4 $18) 40... Bf5 $2 (40... Qg5+ $16 41. Bg3 Bg4 42. Qxe5 Qxe5 43. Bxe5 Ndxc4 44. Bxb8 Nxb2 45. Rxb2 Rxb8) 41. Bxf5 $2 (41. Nxd6 $18 Qxd6 42. Bxf5 gxf5 43. Kh1) 41... Nxf5 $11 42. Qxe5 (42. Nc3 $14 {keeps the upper hand.}) 42... Nxc4 $17 43. Qe6+ {[#]} Rf7 $1 44. Re2 (44. Rc2 $142 Qg5+ 45. Kh1) 44... Ncd6 $2 (44... Qg5+ $17 45. Kh1 Ng7) 45. Nxd6 $14 Qxd6 $2 (45... Nxd6 $14 46. Bg3 Nf5) 46. Qxd6 $18 ({Not} 46. Bxb6 Qf4 $11) ({Inferior is} 46. Rxb6 Rxb6 47. Bxb6 Qf4 $11) 46... Nxd6 47. Rxb6 Rxb6 48. Bxb6 $14 {[%mdl 4096] Endgame KRB-KRN} Rf5 49. a5 {[%cal Ba4a5,Ba5a6,Ba6a7][%mdl 32]} Rxd5 50. a6 {And now a7 would win.} Nc4 $2 (50... Nb5 51. Ra2 Rg5+ 52. Kf1 Rf5+ 53. Kg2 Rg5+ 54. Kh3 Rh5+ 55. Kg3 Rg5+ 56. Kf3 Rf5+ 57. Kg2 Rg5+ 58. Kh3 Rh5+ 59. Kg4 Kf7) 51. Bf2 $18 Rg5+ 52. Kh1 Ra5 53. a7 Kf7 54. Rc2 Nd6 55. Rc7+ Ke6 56. Rxh7 Nb5 57. Rb7 Nxa7 58. Rxa7 {KRB-KR} Rb5 59. Kg2 Rb4 60. Be3 Kf6 61. Kf3 Rc4 62. Bf4 Rc5 63. h4 Rc6 64. Bg5+ Ke6 65. Re7+ Kf5 66. Rf7+ Ke5 67. Kg4 Rc4+ 68. Rf4 Rc6 69. Bd8 {White mates.} Rc1 70. Kg5 Rc2 71. Bf6+ Ke6 72. Kxg6 {Precision: White = 66%, Black = 26%.} 1-0

[Event "FIDE WCC 2018"]
[Site "Khanty-Mansiysk"]
[Date "2018.11.05"]
[Round "1.3"]
[White "Cori T., Deysi"]
[Black "Atalik, Ekaterina"]
[Result "0-1"]
[WhiteElo "2406"]
[BlackElo "2445"]
[Annotator "TA"]
[PlyCount "114"]
[EventDate "2018.11.03"]
[EventType "k.o."]
[EventCountry "RUS"]
[SourceTitle "playchess.com"]
[Source "ChessBase"]
[SourceQuality "1"]

{[%evp 20,114,29,43,70,0,0,-2,-2,9,3,-20,-20,-87,-87,-75,-47,-43,-41,-80,-90,-76,-25,-17,0,-25,-14,-117,-125,-178,-183,-173,-58,-65,-69,-123,-130,-118,-53,-78,-78,-78,-78,-70,-71,-77,-73,-179,-177,-185,-177,-172,-83,-145,-86,-258,-256,-240,-213,-661,-662,-656,-647,-602,-332,-334,-349,-382,-362,-448,-460,-461,-470,-466,-468,-510,-485,-486,-462,-528,-150,-150,-139,-556,-538,-29968,-29969,-29969,-29970,-29970,-29971,-29977,-29971,-29972,-29973,-29973,-29971]} 1. Nf3 Nf6 2. c4 g6 3. b3 Bg7 4. Bb2 O-O 5. g3 d6 6. d4 d5 7. Bg2 c5 8. O-O dxc4 9. bxc4 cxd4 10. Nxd4 Na6 {A49: 1 d4 Nf6 2 Nf3 g6 3 g3: Anti-King's Indian systems} (10... Nc6 11. Nxc6 bxc6 12. Nd2 Bg4 13. Bxc6 Rc8 14. Bf3 Bxf3 15. exf3 Qd3 16. Rc1 Rfd8 17. Bc3 Bh6 18. f4 {½-½ (28) Shankland,S (2722)-Svidler,P (2756) Hoogeveen 2018}) 11. Nc3 {LiveBook: 4 Games} Ng4 12. e3 ({Better is} 12. Ndb5 $14) 12... Ne5 $11 {The position is equal.} 13. Qe2 $146 ({Predecessor:} 13. Qb3 Nc5 14. Qc2 Bd7 15. Ncb5 a6 16. Na3 Rc8 17. Rab1 Qc7 18. h3 {0-1 (53) Cordova,E (2610)-Cori Tello,J (2600) Lima 2016}) 13... Bg4 14. f3 Bd7 $1 15. Rac1 Rc8 16. Ncb5 (16. Ne4 $11 {remains equal.}) 16... Qb6 $17 17. Ba3 Rfe8 (17... Nxc4 $5 18. Rxc4 Bxb5 19. Nxb5 Qxb5 $15) 18. Rfd1 Nc5 19. Rb1 {[%cal Bc1b1,Bb1b4,Bb4c4][%mdl 32]} Qa6 20. h3 Bxb5 (20... Na4 $17 21. c5 Nxc5) 21. Nxb5 $11 Qa4 22. Rb4 Qa5 {Threatens to win with ...a6.} 23. f4 (23. Rbb1 $1 $11) 23... a6 $17 24. fxe5 (24. Rbb1 $17 axb5 25. Bxc5 Nxc4 26. Bb4) 24... axb5 $19 25. Qb2 bxc4 (25... Red8 $1 $19 {[%cal Rd8d1]} 26. Bd5 Bxe5 $1 {[%mdl 512]}) 26. Rxc4 $15 b6 27. Rf1 (27. Bb4 $15 Qa4 28. Rd2) 27... Qa6 28. Qc3 {[%cal Ra3c5] [#]} Ne6 (28... Bxe5 $1 $17 {[%mdl 512]} 29. Qxe5 Qxa3) 29. Bd5 Rxc4 30. Bxc4 Rc8 31. Bxa6 Rxc3 32. Bxe7 Bxe5 33. Kf2 (33. Kg2 $17) 33... Rc7 $19 34. Bb4 Rc2+ 35. Be2 {[#]} Rxa2 (35... Bxg3+ $1 $19 {[%mdl 512]} 36. Kf3 (36. Kxg3 Rxe2) 36... Be5) 36. Rc1 {[#]} ({White should try} 36. g4) 36... Kg7 ({Black should play} 36... Bxg3+ $1 {[%mdl 512]} 37. Kxg3 Rxe2 38. Rc8+ Kg7) 37. Kf3 $2 (37. g4 $17) 37... Ng5+ 38. Kf2 Nxh3+ 39. Kf3 $2 (39. Kf1) 39... Ng5+ 40. Kf2 Ne4+ 41. Kf3 Nxg3 42. Bc4 Ra4 43. Be1 Nf5 44. Bf2 h5 45. Bd3 Nd6 46. Rc6 Ra3 47. Bc2 b5 {[%cal Bb6b5,Bb5b4,Bb4b3,Bb3b2][%mdl 32]} 48. Rc5 Bf6 49. Rd5 Nf5 $2 (49... Nc4 $19 50. Rxb5 Ra2) 50. Bxf5 $17 gxf5 51. Rxf5 $2 {[%mdl 12288] Endgame KRB-KRB} (51. Rxb5 $17 Kg6 52. Rb6) 51... b4 $19 52. Rf4 b3 {Black mates.} 53. Bh4 Be5 54. Rb4 b2 55. Ke4 Bc3 56. Rb5 Ra1 57. Rg5+ Kh6 {Precision: White = 23%, Black = 52%.} 0-1

[Event "FIDE WCC 2018"]
[Site "Khanty-Mansiysk"]
[Date "2018.11.05"]
[Round "1.3"]
[White "Vega Gutierrez, Sabrina"]
[Black "Bodnaruk, Anastasia"]
[Result "0-1"]
[WhiteElo "2389"]
[BlackElo "2426"]
[Annotator "TA"]
[PlyCount "116"]
[EventDate "2018.11.03"]
[EventType "k.o."]
[EventCountry "RUS"]
[SourceTitle "playchess.com"]
[Source "ChessBase"]
[SourceQuality "1"]

{[%evp 29,116,9,9,8,1,14,10,15,19,-33,48,41,42,44,44,51,41,43,56,43,64,59,75,33,39,16,29,16,24,10,9,-24,0,0,17,0,0,0,0,-24,-24,-20,-27,-97,-107,-79,-28,-47,-46,-43,-26,-154,-156,-262,-262,-266,-268,-262,-263,-309,-309,-375,-367,-317,-368,-349,-352,-284,-208,-547,-538,-501,-489,-579,-581,-839,-837,-785,-762,-821,-687,-896,-882,-1244,-1238,-2881,-2627,-3171,-2970]} 1. e4 c5 2. Nf3 d6 3. d4 Nf6 4. Nc3 cxd4 5. Nxd4 a6 6. f3 e5 7. Nb3 Be6 8. Be3 Nbd7 9. g4 Nb6 10. g5 Nh5 11. Qd2 {B90: Sizilianisch (Najdorf-Variante, Abweichungen)} Be7 12. O-O-O O-O 13. Rg1 Rc8 14. Kb1 g6 15. Qf2 Nc4 {LiveBook: 60 Partien} 16. Bxc4 $1 Rxc4 17. Nd5 Bxd5 18. Rxd5 f6 {[#]} (18... b5) 19. Qd2 $146 (19. gxf6 $11 Nxf6 20. Rdd1) ({Vorgänger:} 19. gxf6 Nxf6 {1-0 (72) Reppmann,D (2590)-Mielke,K (2560) ICCF email 2009}) 19... Qe8 (19... fxg5 $15 20. Na5 Rc7) 20. gxf6 $14 Nxf6 21. Bg5 Rc7 22. Rd3 Qf7 23. h4 Kh8 24. Rd1 Rfc8 25. c3 Qe6 26. Qe3 Bf8 27. Nc1 Nh5 28. Ne2 Rf7 29. Qb6 Rc6 30. Qd8 Rc8 $36 {[%mdl 2048] Schwarz kämpft um Vorteil.} 31. Qb6 Rc6 32. Qb3 Qxb3 33. axb3 h6 34. Bc1 Kh7 35. Rg1 Be7 36. Rg4 (36. Rh1 $11) 36... Ng7 $17 37. f4 h5 (37... Nh5 $17) 38. Rg1 Bxh4 39. Rh3 Bd8 40. f5 (40. Rhg3 $11 {hält das Gleichgewicht.}) 40... gxf5 41. Ng3 (41. exf5 $17 {war erzwungen.} Rxf5 42. Ng3) 41... h4 $19 42. exf5 Nxf5 43. Ne4 d5 {[%cal Bd6d5,Bd5e4,Be4e3][%mdl 32]} 44. Rd1 dxe4 45. Rxd8 Rg6 46. Re8 Rg3 47. Rh1 Kg6 48. Rxe5 e3 49. Re6+ $2 {[#]} (49. Bxe3 {nur so!} Rxe3 50. Rxe3 Nxe3 51. Rxh4) 49... Rf6 {Schwarz steht klar auf Gewinn.} 50. Re8 Kf7 51. Re4 h3 52. Rb4 b5 53. Re4 Re6 54. Rf4 Kg6 55. Rff1 Kg5 56. b4 Kg4 57. Kc2 Rg2+ 58. Kb3 Ng3 {Precision: Weiß = 40%, Schwarz = 69%.} 0-1

[Event "FIDE WCC 2018"]
[Site "Khanty-Mansiysk"]
[Date "2018.11.05"]
[Round "1.3"]
[White "Zhukova, Natalia"]
[Black "Ni, Shiqun"]
[Result "1/2-1/2"]
[WhiteElo "2375"]
[BlackElo "2436"]
[Annotator "TA"]
[PlyCount "76"]
[EventDate "2018.11.03"]
[EventType "k.o."]
[EventCountry "RUS"]
[SourceTitle "playchess.com"]
[Source "ChessBase"]
[SourceQuality "1"]

{[%evp 11,76,9,20,-1,10,9,0,-11,-14,-8,-8,-7,-2,-22,-22,-31,-8,-28,19,25,39,0,0,9,9,6,9,0,23,0,4,-12,18,11,18,19,7,24,21,7,7,4,6,3,3,6,0,0,6,4,7,1,8,0,0,-13,0,0,0,0,0,0,0,0,0,0,0]} 1. c4 c6 {[%cal Bc7c6,Bc6d5][%mdl 32]} 2. e4 d5 3. exd5 cxd5 4. d4 Nf6 5. Nc3 g6 6. Qb3 e6 {LiveBook: 5 Partien. B14: Caro-Kann (Panow-Angriff)} (6... Bg7 7. cxd5 O-O 8. Be2 Na6 9. Bf3 Qb6 10. Nge2 Qxb3 11. axb3 Nb4 12. O-O Rd8 13. Ra5 a6 14. Na4 b5 15. d6 Ra7 16. dxe7 Rxe7 17. Nac3 Be6 {½-½ (46) Amin,B (2689)-Artemiev,V (2691) Riadh 2017}) 7. Bg5 Be7 8. Nf3 O-O $146 ({Vorgänger:} 8... Nc6 9. c5 h6 10. Bf4 g5 11. Be3 g4 12. Ne5 Nxe5 13. dxe5 Nd7 14. Bb5 Qc7 15. Rc1 a6 16. Qa4 Bxc5 17. Ne2 Bxe3 18. Rxc7 {1-0 (18) Polo,F-Perrone,R SEMI email 1999}) 9. c5 b6 10. cxb6 Qxb6 11. Qxb6 axb6 12. Ne5 Kg7 13. f3 h6 14. Be3 (14. Bf4 {looks sharper.} g5 15. Bg3 Nh5 16. Bf2 f6 17. Nd3) 14... Ba6 15. Bxa6 Rxa6 16. Kd2 Rc8 17. Rhc1 Nbd7 18. Nd3 Ne8 19. a4 Nd6 20. b3 Raa8 21. g4 Rc7 22. Ne2 Rac8 23. Rxc7 Rxc7 24. Rc1 Rxc1 25. Kxc1 {Die Stellung ist ausgeglichen.} Nb8 26. Kb2 Nc6 27. Ne5 Nb8 28. Bd2 f6 29. Nd3 Nc6 30. Nb4 Na5 31. Na6 Nc6 32. Nc7 Kf7 33. Bc3 g5 34. Nc1 Nb8 35. Bb4 Nc6 36. Bc3 Nb8 37. Bb4 Nc6 38. Bc3 Nb8 {Precision: Weiß = 50%, Schwarz = 66%.} 1/2-1/2

[Event "FIDE WCC 2018"]
[Site "Khanty-Mansiysk"]
[Date "2018.11.05"]
[Round "1.3"]
[White "Nakhbayeva, Guliskhan"]
[Black "Galliamova, Alisa"]
[Result "0-1"]
[WhiteElo "2367"]
[BlackElo "2432"]
[Annotator "TA"]
[PlyCount "78"]
[EventDate "2018.11.03"]
[EventType "k.o."]
[EventCountry "RUS"]
[SourceTitle "playchess.com"]
[Source "ChessBase"]
[SourceQuality "1"]

{[%evp 16,78,31,24,44,17,14,14,7,0,0,-8,0,-4,-17,-30,-18,-21,-7,-20,0,0,9,4,18,6,44,45,68,54,98,91,94,93,80,-47,54,44,154,89,90,76,84,20,279,268,274,252,252,260,251,224,1430,1410,1189,-1343,-1326,-1222,-1081,-1193,-1089,-1358,-1329,-2440,-2416]} 1. d4 d5 2. c4 dxc4 3. Nf3 Nf6 4. e3 b5 5. a4 b4 6. Bxc4 {D25: Queen's Gambit Accepted: 4 e3: sidelines and 4...Bg4} e6 7. O-O (7. a5 a6 8. Nbd2 Bb7 9. O-O c5 10. Nb3 Nbd7 11. dxc5 Nxc5 12. Nxc5 Bxc5 {1-0 (45) Bluebaum,M (2631)-Anand,V (2776) Karlsruhe/Baden-Baden 2018}) 7... Be7 8. Nbd2 Bb7 9. Qe2 {LiveBook: 45 Games} c5 $146 ({Predecessor:} 9... O-O 10. Nb3 Nbd7 11. Rd1 c5 12. dxc5 Qc7 {0-1 (37) Olhovik,A (2297)-Azarov,S (2600) Bialystok 2016}) 10. dxc5 Nbd7 11. Nb3 O-O 12. Bd2 a5 13. Rfd1 Qc7 14. Rac1 Nxc5 15. Nxc5 Bxc5 16. Bd3 h6 17. e4 {Be3 is the strong threat.} Qb6 18. Ne5 Rad8 19. Bf4 Ba8 20. h3 Rfe8 21. Qf3 Bd4 22. Nc4 Qa7 23. Nd6 Rxd6 24. Bxd6 Bxb2 25. Rc2 (25. Rc4 $16) 25... Bd4 ({Better is} 25... Bc3 $15) 26. Rdc1 $36 {[%mdl 2048] White has the initiative.} e5 ({Black should play} 26... Bb7 $14) 27. Rc8 (27. Bc5 $142 $1 {[%cal Rc5a7]} Qb8 28. Bxd4) 27... Bb7 $16 28. R8c7 {Threatens to win with Be7.} Qb6 {[#]} 29. Be7 (29. Bxb4 $1 $16 {aiming for Be7.} Qxb4 30. Rb1 Bxe4 31. Bxe4 Bxf2+ 32. Qxf2 Qxe4 33. Rbb7) 29... b3 $2 {[%mdl 8192]} (29... Bc3 $1 $11 30. R7xc3 bxc3 31. Bxf6 Qxf6) 30. Bxf6 $1 $18 b2 31. R1c4 {Strongly threatening Bxg7!} b1=Q+ 32. Bxb1 Qxb1+ 33. Kh2 {And now Rxf7! would win.} Bxe4 $2 (33... Qxe4 34. Rxb7 Qxf3 35. gxf3 gxf6) 34. Qg4 {[%csl Gf6][%cal Rg4g7]} Bg6 {[#]} 35. Qxg6 $4 {[%mdl 8192]} (35. Rxf7 $3 $18 {[%mdl 512]} Bxf2 (35... Bxf7 36. Qxg7#) 36. Rxg7+ Kf8 37. Rc1) 35... Qxg6 $19 {Black is clearly winning.} (35... fxg6 $2 {too greedy.} 36. Rxg7+ Kf8 37. Rcc7 $18) 36. Bh4 Qe6 37. Bg3 Kh7 38. R4c6 Qf5 39. f3 e4 {Precision: White = 43%, Black = 33%.} 0-1